Statistics for 2020 Largest U.S. Cities Urban Areas

Click here to take the quiz!

General Stats

  • This quiz has been taken 343 times
  • The average score is 65 of 100

Answer Stats

#Metro AreaPopulation% Correct
2Los Angeles12,447,000
97%
1New York City18,804,000
97%
5Dallas/Fort Worth6,301,000
96%
4Houston6,371,000
96%
3Chicago8,865,000
95%
6Miami6,122,000
95%
14San Francisco/Oakland3,314,000
94%
11Boston4,309,000
93%
9Washington D.C.5,322,000
93%
7Atlanta5,803,000
92%
8Philadelphia5,717,000
91%
34Kansas City1,686,000
90%
10Phoenix/Mesa4,511,000
90%
31Cleveland1,763,000
89%
12Detroit3,548,000
89%
24Portland2,151,000
89%
22San Antonio2,320,000
89%
13Seattle3,433,000
89%
17Tampa/St. Petersburg2,877,000
89%
18Denver2,827,000
88%
15San Diego3,251,000
88%
23St. Louis2,213,000
88%
16Minneapolis/Saint Paul2,926,000
87%
28Orlando1,964,000
86%
32Cincinnati1,746,000
85%
35Columbus1,644,000
85%
43Memphis1,150,000
85%
26Charlotte2,054,000
84%
40Nashville1,249,000
84%
27Austin2,053,000
83%
39Jacksonville1,280,000
83%
19Las Vegas2,699,000
83%
48New Orleans992,000
83%
49Oklahoma City989,000
83%
38Milwaukee1,439,000
82%
21Baltimore2,325,000
81%
52El Paso951,000
81%
37Raleigh/Durham1,444,000
81%
53Albuquerque915,000
79%
25Sacramento2,123,000
79%
29Indianapolis1,807,000
78%
30San Jose1,791,000
78%
55Buffalo/Niagara Falls891,000
77%
45Louisville1,089,000
77%
33Pittsburgh1,704,000
77%
42Salt Lake City1,169,000
77%
36Virginia Beach/Norfolk1,477,000
76%
50Tucson982,000
74%
58Birmingham842,000
72%
44Richmond1,105,000
72%
62Tulsa766,000
72%
59Omaha835,000
71%
60Fresno769,000
69%
41Providence1,200,000
69%
98Boise447,000
66%
64Rochester743,000
65%
71Charleston708,000
64%
81Des Moines544,000
64%
47Hartford999,000
64%
75Colorado Springs668,000
63%
20Riverside/San Bernardino2,469,000
63%
88Little Rock514,000
61%
90Toledo509,000
61%
79Akron565,000
59%
54Honolulu892,000
59%
95Madison487,000
59%
68Baton Rouge734,000
58%
77Grand Rapids599,000
57%
65Knoxville741,000
55%
93Reno504,000
55%
85Wichita527,000
55%
72Bakersfield691,000
53%
69Columbia716,000
53%
66Dayton741,000
53%
89Winston-Salem509,000
53%
76Albany630,000
52%
99Spokane447,000
52%
74Springfield669,000
52%
78New Haven593,000
47%
51Bridgeport/Stamford953,000
45%
46McAllen1,012,000
43%
82Harrisburg542,000
42%
100Augusta444,000
40%
56Cape Coral/Fort Myers851,000
38%
63Allentown763,000
35%
84Greenville/Anderson529,000
33%
80Worcester548,000
32%
61Provo/Orem766,000
30%
70Ogden/Layton711,000
27%
67Sarasota/Bradenton736,000
27%
87Palm Bay/Melbourne519,000
24%
96Daytona Beach476,000
23%
92Fayetteville/Springdale504,000
17%
86Port St. Lucie521,000
14%
94Lancaster497,000
11%
73Concord683,000
9%
97Indio/Palm Springs467,000
6%
91Poughkeepsie/Newburgh507,000
4%
57Temecula/Murrieta848,000
4%
83Victorville/Hesperia537,000
1%

Score Distribution

Percentile by Number Answered

Percent of People with Each Score

Your Score History

You have not taken this quiz